| 000 | 00566nam a2200205Ia 4500 | ||
|---|---|---|---|
| 005 | 20250326143908.0 | ||
| 008 | 250326s9999 xx 000 0 und d | ||
| 020 | _a978-90-04-15132-1 | ||
| 037 | _aTextbook | ||
| 040 |
_aFMSL _beng _cFMSL |
||
| 041 |
_aeng _2eng |
||
| 084 |
_aX:74 P6 _qFMSL |
||
| 100 |
_aJorgenson A _9748687 |
||
| 245 | 0 |
_aGlobalization and the environment _cJorgenson A; Kick E |
|
| 260 |
_aBoston _bBoston, Brill _c2006 |
||
| 300 | _a353p | ||
| 365 | _b307433.09760000004 | ||
| 942 |
_cTB _hX:74 P6 |
||
| 999 |
_c1301523 _d1301523 |
||